| 000 | 00925nam a22002057a 4500 | ||
|---|---|---|---|
| 003 | BD-DhUL | ||
| 005 | 20170516190947.0 | ||
| 008 | 160904s1997 b ||||| |||| 00| 0 eng d | ||
| 040 |
_cBD-DhUL _dBD-DhUL |
||
| 082 |
_a954 _bMOU |
||
| 100 | _aমওদুদী, সাইয়েদ আবুল আলা | ||
| 245 | 1 | 0 |
_aউপমহাদেশের স্বাধীনতা আন্দোলন ও মুসলমান, খন্ড ২ / _cসাইয়েদ আবুল আলা মওদুদী |
| 250 | _a২য় সংস্করন | ||
| 260 |
_aঢাকা ; চট্টগ্রাম : _bআধুনিক প্রকাশনী, _c১৯৯৭. |
||
| 300 |
_a ২ খন্ড ; _c২২ সে. মি |
||
| 651 |
_aভারত _xইতিহাস |
||
| 651 |
_aIndia _xHistory |
||
| 700 | _aসেনগুপ্ত, গৌরাঙ্গ গোপাল | ||
| 942 |
_2ddc _cBK |
||
| 999 |
_c198046 _d198046 |
||